[Event "IECG CM.1998.0.00047"]
[Site "IECG email"]
[Date "1998.??.??"]
[Round "?"]
[White "Le Bellac, Pascal"]
[Black "Skeels, Jim"]
[Result "1-0"]
[WhiteElo "2205"]
[BlackElo "2295"]
[PlyCount "89"]
[EventDate "1998.05.17"]
[EventType "tourn (corr)"]
[EventRounds "6"]
[SourceTitle "Corr 2008"]
[Source "ChessBase"]
[SourceDate "2008.06.24"]
[SourceVersion "1"]
[SourceVersionDate "2008.06.24"]
[SourceQuality "1"]

1. e4 c6 2. Nc3 d5 3. Nf3 Bg4 4. h3 Bh5 5. exd5 cxd5 6. Bb5+ Nc6 7. g4 Bg6 8. Ne5 Rc8 9. d4 e6 10. Qe2 Bb4 11. h4 Nge7 12. h5 Be4 13. f3 0-0 14. Nxc6 Nxc6 15. Be3 Qf6 16. fxe4 Nxd4 17. Bxd4 Qxd4 18. Kf1 Bxc3 19. bxc3 Rxc3 20. Rd1 Qxe4 21. Qxe4 dxe4 22. Ba4 b5 23. Bb3 a5 24. a4 bxa4 25. Bxa4 f5 26. gxf5 exf5 27. Rd7 Rg3 28. Re7 Kh8 29. Ke2 Rg2+ 30. Kd1 Rb8 31. Kc1 Rg5 32. Bd7 h6 33. Rf7 a4 34. Bxf5 e3 35. Bd3 Ra5 36. Rg1 Rg8 37. Kb2 Rxh5 38. Re7 Rb8+ 39. Ka3 g5 40. Re1 Rh4 41. R7xe3 Ra8 42. Re7 Kg8 43. Be4 Rh3+ 44. Ka2 Rd8 45. Ra7 1-0

[Event "Bucharest1"]
[Site "Bucharest"]
[Date "1993.??.??"]
[Round "11"]
[White "Bogdan, Dan"]
[Black "Le Bellac, Pascal"]
[Result "1-0"]
[WhiteElo "2290"]
[BlackElo "2215"]
[PlyCount "85"]
[EventDate "1993.??.??"]
[EventType "tourn"]
[EventRounds "11"]
[EventCountry "ROU"]
[EventCategory "3"]
[SourceTitle "EXT 1997"]
[Source "ChessBase"]
[SourceDate "1996.11.15"]
[SourceVersion "1"]
[SourceVersionDate "1996.11.15"]
[SourceQuality "1"]

1. Nf3 Nf6 2. g3 d5 3. Bg2 c6 4. 0-0 Bf5 5. d3 e6 6. Nbd2 Nbd7 7. Qe1 Nb6 8. e4 dxe4 9. dxe4 Bg6 10. Ne5 Nfd7 11. Nd3 Be7 12. f4 f6 13. Qe3 0-0 14. c4 Qc7 15. b3 e5 16. Bb2 exf4 17. gxf4 Rad8 18. Nf3 Rfe8 19. Nh4 Nf8 20. Rad1 Bh5 21. Rd2 Nbd7 22. Nf5 Nc5 23. Nxe7+ Qxe7 24. Ba3 b6 25. Nxc5 Rxd2 26. Qxd2 bxc5 27. Qa5 Ne6 28. f5 Ng5 29. Qxc5 Qxc5+ 30. Bxc5 a6 31. Bb4 a5 32. Bxa5 Ra8 33. b4 Be2 34. Rc1 Bd3 35. e5 fxe5 36. Bxc6 Rc8 37. Bd5+ Kf8 38. b5 Bxf5 39. b6 Be4 40. b7 Rb8 41. Bxe4 Nxe4 42. Rb1 Nc5 43. Bb4 1-0

[Event "Bucharest1"]
[Site "Bucharest"]
[Date "1993.??.??"]
[Round "4"]
[White "Gilbert, Christophe"]
[Black "Le Bellac, Pascal"]
[Result "1/2-1/2"]
[WhiteElo "2100"]
[BlackElo "2215"]
[PlyCount "22"]
[EventDate "1993.??.??"]
[EventType "tourn"]
[EventRounds "11"]
[EventCountry "ROU"]
[EventCategory "3"]
[SourceTitle "EXT 1997"]
[Source "ChessBase"]
[SourceDate "1996.11.15"]
[SourceVersion "1"]
[SourceVersionDate "1996.11.15"]
[SourceQuality "1"]

1. d4 d5 2. c4 c6 3. cxd5 cxd5 4. Nf3 Nf6 5. Bf4 Bf5 6. e3 e6 7. Bd3 Bxd3 8. Qxd3 Bd6 9. Bxd6 Qxd6 10. Nc3 Nc6 11. 0-0 0-0 1/2-1/2

[Event "Bucharest1"]
[Site "Bucharest"]
[Date "1993.??.??"]
[Round "1"]
[White "Le Bellac, Pascal"]
[Black "Bets, Anatolij"]
[Result "0-1"]
[WhiteElo "2215"]
[BlackElo "2260"]
[PlyCount "54"]
[EventDate "1993.??.??"]
[EventType "tourn"]
[EventRounds "11"]
[EventCountry "ROU"]
[EventCategory "3"]
[SourceTitle "EXT 1997"]
[Source "ChessBase"]
[SourceDate "1996.11.15"]
[SourceVersion "1"]
[SourceVersionDate "1996.11.15"]
[SourceQuality "1"]

1. e4 c5 2. c3 e6 3. d4 d5 4. exd5 exd5 5. Nf3 Nc6 6. Be2 Bd6 7. 0-0 Nge7 8. dxc5 Bxc5 9. Bg5 0-0 10. Nbd2 Qc7 11. Nb3 Bd6 12. h3 h6 13. Be3 Re8 14. Nfd4 a6 15. Rc1 Ne5 16. Nd2 Nf5 17. Nxf5 Bxf5 18. c4 d4 19. Bxd4 Nc6 20. Be3 Rad8 21. Bf3 Bb4 22. Bxc6 Qxc6 23. a3 Rxe3 24. fxe3 Bxd2 25. Qf3 Qxf3 26. Rxf3 Bxc1 27. Rxf5 Bxe3+ 0-1

[Event "Budapest FS11 IM-A"]
[Site "Budapest"]
[Date "1993.??.??"]
[Round "5"]
[White "Le Bellac, Pascal"]
[Black "Szabolcsi, Janos"]
[Result "0-1"]
[WhiteElo "2215"]
[BlackElo "2385"]
[PlyCount "66"]
[EventDate "1993.11.??"]
[EventType "tourn"]
[EventRounds "11"]
[EventCountry "HUN"]
[EventCategory "2"]
[SourceTitle "EXT 1997"]
[Source "ChessBase"]
[SourceDate "1996.11.15"]
[SourceVersion "1"]
[SourceVersionDate "1996.11.15"]
[SourceQuality "1"]

1. e4 c5 2. c3 e6 3. d4 d5 4. exd5 exd5 5. Be3 c4 6. b3 cxb3 7. axb3 Nc6 8. Bd3 Bd6 9. Nd2 Nge7 10. Qf3 Be6 11. Bf4 Ng6 12. Bxd6 Qxd6 13. Ne2 a5 14. Qg3 Qxg3 15. hxg3 h6 16. 0-0 0-0 17. Ra3 Rfe8 18. Rfa1 Bg4 19. Kf1 Rab8 20. f3 Bd7 21. Bb5 b6 22. Kf2 Re7 23. Re1 Nb4 24. cxb4 Bxb5 25. Nc1 axb4 26. Ra2 Rc8 27. Rxe7 Nxe7 28. Ne2 Nc6 29. Nf4 Rd8 30. Ke3 Kh7 31. Ra1 g5 32. Nd3 Re8+ 33. Kf2 Bxd3 0-1

[Event "Budapest FS11 IM-A"]
[Site "Budapest"]
[Date "1993.??.??"]
[Round "6"]
[White "Szilardfy, Gyula"]
[Black "Le Bellac, Pascal"]
[Result "0-1"]
[WhiteElo "2280"]
[BlackElo "2215"]
[PlyCount "33"]
[EventDate "1993.11.??"]
[EventType "tourn"]
[EventRounds "11"]
[EventCountry "HUN"]
[EventCategory "2"]
[SourceTitle "EXT 1997"]
[Source "ChessBase"]
[SourceDate "1996.11.15"]
[SourceVersion "1"]
[SourceVersionDate "1996.11.15"]
[SourceQuality "1"]

1. g3 e5 2. d3 d5 3. Nf3 Nc6 4. Bg2 Nf6 5. 0-0 Be7 6. c3 0-0 7. Nbd2 h6 8. Qc2 a5 9. e4 dxe4 10. dxe4 Bc5 11. Nc4 Qe7 12. Be3 Ng4 13. Bxc5 Qxc5 14. Ncd2 Be6 15. h3 Nf6 16. Nb3 Qb5 17. Rad1 0-1

[Event "Budapest FS11 IM-A"]
[Site "Budapest"]
[Date "1993.??.??"]
[Round "2"]
[White "Vujosevic, Vladimir"]
[Black "Le Bellac, Pascal"]
[Result "1-0"]
[WhiteElo "2355"]
[BlackElo "2215"]
[PlyCount "57"]
[EventDate "1993.11.??"]
[EventType "tourn"]
[EventRounds "11"]
[EventCountry "HUN"]
[EventCategory "2"]
[SourceTitle "EXT 1997"]
[Source "ChessBase"]
[SourceDate "1996.11.15"]
[SourceVersion "1"]
[SourceVersionDate "1996.11.15"]
[SourceQuality "1"]

1. e4 e5 2. Nf3 Nc6 3. Bb5 a6 4. Ba4 Nf6 5. d3 b5 6. Bb3 Be7 7. c3 0-0 8. 0-0 d6 9. Nbd2 Na5 10. Bc2 c5 11. Re1 Nc6 12. Nf1 Re8 13. h3 Bf8 14. d4 Qc7 15. Bg5 Nd7 16. Ne3 Nb6 17. Nd5 Qb8 18. a4 Nxa4 19. Bxa4 bxa4 20. Qxa4 Bd7 21. dxc5 dxc5 22. Red1 Qb7 23. Qc4 Be6 24. Qe2 f6 25. Be3 Rec8 26. Nd2 Qb5 27. Qxb5 axb5 28. Rxa8 Rxa8 29. Nc7 1-0

[Event "Issy Meudon schev"]
[Site "Issy Meudon"]
[Date "1991.??.??"]
[Round "2"]
[White "Metral, Jean Paul"]
[Black "Le Bellac, Pascal"]
[Result "0-1"]
[WhiteElo "2330"]
[BlackElo "2100"]
[PlyCount "115"]
[EventDate "1991.??.??"]
[EventType "schev"]
[EventRounds "5"]
[EventCountry "FRA"]
[SourceTitle "EXT 2004"]
[Source "ChessBase"]
[SourceDate "2003.11.25"]
[SourceVersion "1"]
[SourceVersionDate "2003.11.25"]
[SourceQuality "1"]

1. e4 e5 2. Nf3 Nc6 3. Bb5 a6 4. Ba4 Nf6 5. 0-0 b5 6. Bb3 Bb7 7. d3 Be7 8. Re1 0-0 9. c3 d6 10. Nbd2 Na5 11. Bc2 c5 12. Nf1 Re8 13. Ng3 Bc8 14. d4 Nc6 15. h3 Bf8 16. Bg5 h6 17. Be3 Bd7 18. Qd2 Qa5 19. d5 Na7 20. b4 cxb4 21. cxb4 Qd8 22. Rac1 Nc8 23. Bb3 Ne7 24. Rc3 Rc8 25. Rec1 Rxc3 26. Rxc3 Qb8 27. Ne1 Rc8 28. Rd3 Ng6 29. f3 Rc7 30. Ne2 Be7 31. g4 Nh7 32. f4 exf4 33. Nxf4 Ne5 34. Rd4 Ng5 35. Qg2 Qc8 36. Ne2 Bf6 37. Rd1 Nc4 38. Bf2 Nxh3+ 39. Qxh3 Bxg4 40. Qf1 Bh3 41. Ng2 Ne5 42. Nd4 Qg4 43. Re1 Nd3 44. Bd1 Qxg2+ 45. Qxg2 Bxg2 46. Re2 Nxf2 47. Kxf2 Bxd4+ 48. Kxg2 Rc4 49. a3 Rc3 50. Ra2 Rc1 51. Bg4 Ra1 52. Rxa1 Bxa1 53. Bc8 Bb2 54. Bxa6 Bxa3 55. Bxb5 Bxb4 56. Kf3 f6 57. Be8 Kh7 58. Kg4 0-1